000 00550nam a2200205Ia 4500
005 20241216010814.0
008 181213s9999||||xx |||||||||||||| ||und||
082 _a658
_bG82
100 _aGRIFFIN,RICKY W,Y RONALD .J
245 0 _aNEGOCIOS
250 _a0
260 _aMEXICO
_bPEARSON EDUCACION
_c2005
300 _a613 pag
_c21 cm
341 _h0
490 _v0
_a0
505 _aCOMPRENSION DEL AMBIENTE DE NEGOCIOS CONTEMPORANEO,NEGOCIO DE LA ADMINISTRACION.
541 _aD
_d19-Oct-18
650 _aCIENCIAS APLICADAS
942 _cLIBRO
999 _c24538
_d24538